| 000 | 006720000a22002170004500 | ||
|---|---|---|---|
| 090 |
_aAR _b02699 |
||
| 245 | 1 | 0 | _aNotes on Calycophyllous rubiaceae. part III. Systematic position of the monotypic mexican genus Cosmocalyx and notes on the calycophyll develoment |
| 650 | 1 | 4 |
_aBotánica _9361 |
| 650 | 1 | 4 |
_aFenología _992807 |
| 650 | 1 | 4 |
_aSistemática vegetal _95234 |
| 650 | 1 | 4 |
_aMorfología vegetal _918295 |
| 651 | 4 |
_pMéxico _992749 |
|
| 653 | _gCosmocalyx | ||
| 653 | _gHamelia | ||
| 653 | _gDeppea | ||
| 653 | _gPhyllomelia | ||
| 041 | 0 | _aInglés | |
| 100 | 1 |
_aDelprete, Piero G. _996156 |
|
| 942 | _cARTICULO | ||
| 773 | 1 |
_tBrittonia _3120 _h3 _q309-317 _d1998 _g50 |
|
| 999 |
_c11761 _d11761 |
||